000 00266nam a22001217a 4500
003 SGT
082 _a370
_bRAN
100 _aRANGNATHAN, SNEHLATA
245 _aVISUAL IMPAIRMENT AND BLINDNESS
260 _aDELHI
_bKANISKA
_c2012
300 _a285
942 _2ddc
_cBK
999 _c17767
_d17767